Top 15 Richest Countries - Statistics

General Stats
  • This quiz has been taken 42 times
  • The average score is 9 of 15
Answer Stats
GDP-PPP per capita ($) Country % Correct
85,373 United States
95%
91,932 Switzerland
77%
143,743 Luxembourg
74%
96,846 United Arab Emirates
74%
82,832 Norway
69%
112,283 Qatar
69%
77,641 Denmark
67%
133,895 Ireland
67%
133,737 Singapore
64%
73,784 Iceland
62%
74,158 Netherlands
59%
86,989 San Marino
51%
76,858 Taiwan
49%
77,534 Brunei
46%
80,137 Guyana
10%
No matching quizzes found
Score Distribution
Percent of People with Each Score
Percentile by Number Answered
Your Score History
You have not taken this quiz